Английский язык для направлений "Сервис" и "Туризм"
| Main Author: | |
|---|---|
| Summary: | Учебник создан в соответствии с Федеральными государственными образовательными стандартами по направлениям подготовки 100100 — Сервис и 100400 — Туризм (квалификация "бакалавр"). Учебник включает тематические тексты на английском и русском языках с системой оригинальных языковых и речевых упражнений, направленных на развитие навыков чтения, понимания, обсуждения, реферирования и перевода специальной литературы, а также терминологический глоссарий. Тематика текстов отражает основы организации и управления сферой гостинично-ресторанного бизнеса и туризма, маркетинговые концепции в этой сфере. Для студентов высших учебных заведений. Может быть полезен преподавателям и специалистам гостиничного, ресторанного и туристического бизнеса. |
| Language: | Russian English |
| Published: |
Москва, Академия, 2011
|
| Edition: | 5-е изд., стер. |
| Series: | Высшее профессиональное образование. Сервис и туризм Бакалавриат |
| Subjects: | |
| Format: | Book |
| KOHA link: | https://koha.lib.tpu.ru/cgi-bin/koha/opac-detail.pl?biblionumber=208824 |
MARC
| LEADER | 00000nam0a2200000 4500 | ||
|---|---|---|---|
| 001 | 208824 | ||
| 005 | 20231101225505.0 | ||
| 010 | |a 9785769580048 | ||
| 035 | |a (RuTPU)RU\TPU\book\228066 | ||
| 090 | |a 208824 | ||
| 100 | |a 20120206d2011 m y0rusy50 ca | ||
| 101 | 0 | |a rus |a eng | |
| 102 | |a RU | ||
| 105 | |a y j 000zy | ||
| 200 | 1 | |a Английский язык для направлений "Сервис" и "Туризм" |d English for Students of Hospitality and Tourism Industries |f Н. Н. Михайлов | |
| 205 | |a 5-е изд., стер. | ||
| 210 | |a Москва |c Академия |d 2011 | ||
| 215 | |a 159 с. | ||
| 225 | 1 | |a Высшее профессиональное образование. Сервис и туризм | |
| 225 | 1 | |a Бакалавриат | |
| 330 | |a Учебник создан в соответствии с Федеральными государственными образовательными стандартами по направлениям подготовки 100100 — Сервис и 100400 — Туризм (квалификация "бакалавр"). Учебник включает тематические тексты на английском и русском языках с системой оригинальных языковых и речевых упражнений, направленных на развитие навыков чтения, понимания, обсуждения, реферирования и перевода специальной литературы, а также терминологический глоссарий. Тематика текстов отражает основы организации и управления сферой гостинично-ресторанного бизнеса и туризма, маркетинговые концепции в этой сфере. Для студентов высших учебных заведений. Может быть полезен преподавателям и специалистам гостиничного, ресторанного и туристического бизнеса. | ||
| 510 | 1 | |a English for Students of Hospitality and Tourism Industries |z eng | |
| 606 | 1 | |a Английский язык |x Учебные руководства и пособия |x Учебные руководства и пособия для высшей школы |2 stltpush |3 (RuTPU)RU\TPU\subj\29071 |9 52483 | |
| 610 | 1 | |a лексика | |
| 610 | 1 | |a грамматика | |
| 610 | 1 | |a разговорная речь | |
| 610 | 1 | |a упражнения | |
| 686 | |a Ш143.21-923 |v LBC/SL-A |2 rubbk | ||
| 700 | 1 | |a Михайлов |b Н. Н. |g Николай Николаевич | |
| 801 | 1 | |a RU |b 63413507 |c 20120206 | |
| 801 | 2 | |a RU |b 63413507 |c 20120409 |g RCR | |
| 900 | |a Английский язык | ||
| 942 | |c BK | ||
| 955 | |b 100100 |b 100400 | ||
| 959 | |a 16/20120206 |d 1 |e 200,00 |f ЧЗИЛ:1 | ||